| 000 | 00643nam a22001817a 4500 | ||
|---|---|---|---|
| 999 |
_c18149 _d18149 |
||
| 003 | AR-CdUCM | ||
| 008 | 190513b ||||| |||| 00| 0 spa d | ||
| 040 |
_aMUNICIPALIDAD PROVINCIAL DEL CUSCO _cBIBLIOTECA MUNICIPAL DEL CUSCO |
||
| 082 |
_a868.6 / _bT73 |
||
| 100 |
_aTorre, Guillermo de. _99574 |
||
| 245 | _aTríptico del sacrificio / | ||
| 260 |
_aBuenos Aires : _bLosada, _c1948. |
||
| 300 |
_a148 páginas ; _c19 cm. |
||
| 505 | _aContenido :El rescate de la paradoja -- Unamuno y clarin -- Unamuno y Ortega -- Poesía y ejemplo de Antonio Machado ... | ||
| 650 |
_aLiteratura. _983 |
||
| 942 |
_2ddc _cLIBROS |
||
| 945 |
_arum _d2019-05-13 |
||